[Event "ICS rated blitz match"]
[Site "204.178.125.65"]
[Date "2000.07.10"]
[Round "?"]
[White "Lalohg"]
[Black "Hossa"]
[Result "0-1"]
[WhiteElo "2015"]
[BlackElo "2518"]
[PlyCount "50"]
[EventDate "2000.??.??"]

1. e4 d5 2. exd5 Qxd5 3. Nf3 Nf6 4. Nc3 Qa5 5. d4 Ne4 6. Bd2 Nxd2 7. Qxd2 e6 8.
Bc4 Bd6 9. O-O O-O 10. a3 c6 11. Rfe1 Nd7 12. b4 Qc7 13. Ne4 Bf4 14. Qd3 b5 15.
Ba2 Qb8 16. c4 bxc4 17. Qxc4 Bb7 18. Nc5 Nxc5 19. dxc5 a5 20. Re4 Bc7 21. Rae1
axb4 22. axb4 Rd8 23. Rh4 Ba6 24. Qe4 Bd3 25. Qxc6 Ra6 0-1

[Event "ICS rated standard match"]
[Site "204.178.125.65"]
[Date "2000.07.10"]
[Round "?"]
[White "Hossa"]
[Black "Esen"]
[Result "1-0"]
[WhiteElo "2349"]
[BlackElo "1915"]
[PlyCount "55"]
[EventDate "2000.??.??"]

1. e4 c6 2. d4 d5 3. e5 Bf5 4. Bd3 Bxd3 5. Qxd3 e6 6. Nf3 c5 7. dxc5 Qa5+ 8. c3
Qxc5 9. Na3 Qc7 10. Nb5 Qd7 11. O-O a6 12. Nbd4 Bc5 13. Nb3 Ba7 14. c4 Ne7 15.
cxd5 Qxd5 16. Qe2 O-O 17. Rd1 Qc6 18. Bg5 Nd5 19. Rac1 Qd7 20. Nfd4 Bxd4 21.
Nxd4 Rc8 22. Rxc8+ Qxc8 23. Nf5 Nc6 24. Nd6 Qd7 25. Qe4 Na7 26. Qg4 Qc6 27. Bh6
g6 28. Qf3 {Esen resigns} 1-0

[Event "ICS rated blitz match"]
[Site "204.178.125.65"]
[Date "2000.07.10"]
[Round "?"]
[White "Hossa"]
[Black "Sweers"]
[Result "1-0"]
[WhiteElo "2520"]
[BlackElo "1860"]
[PlyCount "39"]
[EventDate "2000.??.??"]

1. e4 c5 2. c3 Nf6 3. e5 Nd5 4. d4 cxd4 5. cxd4 Nc6 6. Nf3 g6 7. Nc3 Nxc3 8.
bxc3 d5 9. exd6 Qxd6 10. d5 Ne5 11. Bf4 Nxf3+ 12. Qxf3 Qb6 13. a4 Bg7 14. Bb5+
Kf8 15. O-O a6 16. Be2 Bd7 17. Rab1 Qa7 18. a5 Rc8 19. d6 e6 20. Rxb7 {
Sweers resigns} 1-0

[Event "ICS Rated blitz match"]
[Site "204.178.125.65"]
[Date "2000.07.10"]
[Round "?"]
[White "Tsjort"]
[Black "Hossa"]
[Result "0-1"]
[WhiteElo "2396"]
[BlackElo "2521"]
[PlyCount "32"]
[EventDate "2000.??.??"]

1. e4 d5 2. exd5 Qxd5 3. Nc3 Qd6 4. Nf3 Nc6 5. d4 Nf6 6. Be2 a6 7. O-O Bf5 8.
a3 O-O-O 9. Be3 Ng4 10. h3 Nxe3 11. fxe3 Qg3 12. Qe1 Qxe1 13. Raxe1 e6 14. Rc1
Be7 15. Ne1 Bg5 16. Rf3 Nxd4 {Tsjort resigns} 0-1

[Event "ICS rated standard match"]
[Site "204.178.125.65"]
[Date "2000.07.11"]
[Round "?"]
[White "JZInsomniac"]
[Black "Hossa"]
[Result "1/2-1/2"]
[WhiteElo "2618"]
[BlackElo "2351"]
[PlyCount "163"]
[EventDate "2000.??.??"]

1. d4 Nf6 2. c4 e6 3. Nc3 Bb4 4. e3 Bxc3+ 5. bxc3 c5 6. a3 O-O 7. Nf3 d5 8. Qc2
b6 9. dxc5 bxc5 10. cxd5 exd5 11. Bb2 Qb6 12. Rb1 Nc6 13. Be2 Ne7 14. O-O Bf5
15. Bd3 Bxd3 16. Qxd3 Qe6 17. Rfd1 Ne4 18. Nd2 Nxd2 19. Rxd2 Rab8 20. Qc2 Rb7
21. Rdd1 Rfb8 22. a4 Rb6 23. Ba3 Qc6 24. Ra1 Qc7 25. c4 Rh6 26. h3 dxc4 27.
Qxc4 Rc6 28. Rac1 Rc8 29. Rc2 a6 30. Rcd2 Qb8 31. Rd7 Re8 32. Qe4 Re6 33. Qb7
Qxb7 34. Rxb7 Re5 35. Bxc5 Rxc5 36. Rxe7 Kf8 37. Ra7 Rc6 38. h4 Rb8 39. Rdd7
Rf6 40. g4 h6 41. f4 Rb1+ 42. Kg2 Ke8 43. g5 Re6 44. Rxf7 Rb2+ 45. Kf3 Rb3 46.
Rxg7 Kf8 47. Rh7 Rbxe3+ 48. Kg4 Kg8 49. gxh6 Rg6+ 50. Kh5 Rg2 51. Rhd7 Re8 52.
Rxa6 Rc8 53. f5 Kh8 54. Rg6 Rf2 55. Rgg7 Rxf5+ 56. Kg4 Rc4+ 57. Kxf5 Rf4+ 58.
Ke5 Re4+ 59. Kd5 Rd4+ 60. Kc5 Rc4+ 61. Kd6 Rc6+ 62. Ke5 Re6+ 63. Kf4 Rf6+ 64.
Ke4 Re6+ 65. Kd5 Rd6+ 66. Kc4 Rc6+ 67. Kd3 Rd6+ 68. Kc3 Rd3+ 69. Kc2 Rc3+ 70.
Kd1 Rd3+ 71. Ke2 Re3+ 72. Kf1 Rf3+ 73. Kg1 Rg3+ 74. Kf2 Rf3+ 75. Ke1 Re3+ 76.
Kd2 Rd3+ 77. Kc1 Rc3+ 78. Kb1 Rb3+ 79. Ka1 Ra3+ 80. Kb2 Rb3+ 81. Ka2 Ra3+ 82.
Kxa3 {Hossa stalemated} 1/2-1/2

[Event "ICS Rated standard match"]
[Site "204.178.125.65"]
[Date "2000.07.11"]
[Round "?"]
[White "Phizzy"]
[Black "Hossa"]
[Result "0-1"]
[WhiteElo "2065"]
[BlackElo "2361"]
[PlyCount "42"]
[EventDate "2000.??.??"]

1. c3 c5 2. d4 cxd4 3. cxd4 Nf6 4. Nf3 d6 5. Nc3 Bf5 6. e3 g6 7. Be2 Bg7 8. O-O
d5 9. Qb3 Nc6 10. Bd2 Rb8 11. Rfc1 O-O 12. a3 Qd7 13. Qa4 Rbc8 14. h3 a6 15. b4
Ne4 16. Nxe4 dxe4 17. Nh4 Nxd4 18. Qxd7 Nxe2+ 19. Kf1 Bxd7 20. Kxe2 Bxa1 21.
Rxa1 g5 0-1

[Event "ICS Rated blitz match"]
[Site "204.178.125.65"]
[Date "2000.07.11"]
[Round "?"]
[White "Hossa"]
[Black "PostModernist"]
[Result "1-0"]
[WhiteElo "2531"]
[BlackElo "2675"]
[PlyCount "99"]
[EventDate "2000.??.??"]

1. e4 e6 2. d4 d5 3. e5 Ne7 4. Nf3 b6 5. Bd3 Ba6 6. Bxa6 Nxa6 7. O-O Nf5 8. c4
Qd7 9. cxd5 exd5 10. e6 fxe6 11. Ne5 Qb5 12. Nc3 Qb4 13. Qh5+ g6 14. Qe2 Nxd4
15. Qxa6 Bg7 16. a3 Qd6 17. Qa4+ c6 18. f4 Qc5 19. Be3 Bxe5 20. fxe5 Ne2+ 21.
Kh1 Nxc3 22. bxc3 Qc4 23. Qxc4 dxc4 24. Rad1 Rf8 25. Rxf8+ Kxf8 26. Rd6 c5 27.
Rxe6 Rd8 28. Bh6+ Kf7 29. Rd6 Rxd6 30. exd6 Ke6 31. Bf8 b5 32. d7 Kxd7 33. Bxc5
a6 34. Be3 Ke6 35. Kg1 Kf5 36. Kf2 g5 37. Kf3 g4+ 38. Kg3 Ke4 39. Bd4 a5 40.
Bb6 b4 41. cxb4 axb4 42. axb4 c3 43. Bd8 Kf5 44. Bc7 h5 45. Bb6 Ke4 46. Bd8 Kd4
47. Bf6+ Kc4 48. Bxc3 h4+ 49. Kxh4 Kxc3 50. b5 1-0

[Event "ICS rated blitz match"]
[Site "204.178.125.65"]
[Date "2000.07.11"]
[Round "?"]
[White "MissSilicon"]
[Black "Hossa"]
[Result "1/2-1/2"]
[WhiteElo "2680"]
[BlackElo "2553"]
[PlyCount "258"]
[EventDate "2000.??.??"]

1. Nf3 d5 2. c4 dxc4 3. Na3 Be6 4. e4 Nc6 5. Nxc4 Bg4 6. d3 e5 7. Bd2 Bc5 8.
Rc1 Be7 9. Qa4 Bd7 10. Qb3 f6 11. Qxb7 Rb8 12. Qa6 Nb4 13. Qa5 Nc6 14. Qc3 Bb4
15. Qc2 Bxd2+ 16. Qxd2 Nge7 17. d4 exd4 18. Nxd4 Nxd4 19. Qxd4 Nc6 20. Qd5 Nb4
21. Qa5 Be6 22. Qxa7 O-O 23. Rc3 Ra8 24. Qc5 Nxa2 25. Ra3 Qd7 26. f4 Bf7 27. h3
Rfe8 28. Rxa8 Rxa8 29. Kf2 Nc1 30. Qe3 Ra1 31. Rg1 Qe7 32. b3 Qb4 33. Be2 Nxb3
34. Rxa1 Nxa1 35. Qd4 Qe1+ 36. Kf3 Bh5+ 37. g4 Qh1+ 38. Kg3 Qe1+ 39. Qf2 Qc3+
40. Kh2 Be8 41. e5 Nc2 42. Qg2 Qd4 43. Qf3 Ne1 44. Qf1 Qc3 45. Qh1 Qc1 46. Qd5+
Kf8 47. Qe4 Qc2 48. Qxc2 Nxc2 49. Bd3 Nb4 50. Bxh7 Bf7 51. Nd2 fxe5 52. fxe5 g6
53. Ne4 Kg7 54. Ng5 Bc4 55. h4 Nc6 56. e6 Ne7 57. Kg3 Kh6 58. Kf4 Ba2 59. Ke5
Kg7 60. Ke4 Kf6 61. Kd4 Bb3 62. Ke3 Bd1 63. Kf4 c6 64. Kg3 Bc2 65. Kg2 c5 66.
Kf3 c4 67. Ke3 c3 68. Kd4 Bd1 69. Kxc3 Bxg4 70. Kb4 Kg7 71. Kc5 Bd1 72. Kb6 Kf6
73. Kc7 Ba4 74. Kd8 Bc6 75. Nh3 Bf3 76. Nf4 Bd1 77. Bxg6 Nxg6 78. Nxg6 Kxe6 79.
Ne7 Be2 80. Ke8 Bh5+ 81. Kf8 Ke5 82. Kg7 Bg4 83. Kg6 Ke6 84. Nc6 Kd5 85. Nb4+
Kc5 86. Nd3+ Kd4 87. Nf2 Bf3 88. Kf5 Be2 89. Ng4 Kd5 90. Nf6+ Kd6 91. Ne4+ Ke7
92. Nc3 Bf3 93. Kf4 Bh5 94. Kg5 Bf3 95. Nb5 Bd1 96. Kf5 Bc2+ 97. Kf4 Bd1 98.
Kg5 Ba4 99. Nc3 Be8 100. Ne2 Bb5 101. Nf4 Be8 102. Kf5 Bf7 103. Ke5 Kf8 104.
Kf6 Be8 105. Ne6+ Kg8 106. Nc7 Bh5 107. Nb5 Bg4 108. Nd4 Bh5 109. Kg5 Bd1 110.
Kg6 Bg4 111. Nc6 Bf3 112. Ne7+ Kf8 113. Kf6 Be2 114. Ng6+ Kg8 115. Nf4 Bd1 116.
Nd5 Kf8 117. Ne3 Be2 118. Nf5 Bd1 119. Nd6 Be2 120. Ne4 Bd1 121. Nc5 Be2 122.
Ne6+ Kg8 123. Nd4 Bh5 124. Nf5 Bf3 125. Nd6 Be2 126. Nf7 Bd1 127. Ne5 Bh5 128.
Kg5 Bd1 129. Kg6 Bc2+ 1/2-1/2

[Event "ICS rated blitz match"]
[Site "204.178.125.65"]
[Date "2000.07.11"]
[Round "?"]
[White "Hossa"]
[Black "MissSilicon"]
[Result "0-1"]
[WhiteElo "2559"]
[BlackElo "2674"]
[PlyCount "156"]
[EventDate "2000.??.??"]

1. e4 e5 2. Nf3 Nc6 3. d4 exd4 4. Nxd4 Nf6 5. Nxc6 bxc6 6. e5 Qe7 7. Qe2 Nd5 8.
Bd2 Rb8 9. c4 Nb4 10. Bc3 Qg5 11. Na3 Ba6 12. Bd2 Qg6 13. Qe3 Rb7 14. Qf3 Bc5
15. Be2 Bd4 16. Bc3 Bxc3+ 17. bxc3 Nc2+ 18. Nxc2 Qxc2 19. O-O Rb2 20. Bd3 Qd2
21. Rfd1 Qg5 22. Bf5 O-O 23. Qe4 d6 24. Bxh7+ Kh8 25. exd6 cxd6 26. Bf5 Bxc4
27. Qxc4 Qxf5 28. Rf1 Qd7 29. Rfe1 Re8 30. Rxe8+ Qxe8 31. Qa4 Qd7 32. f3 Qc7
33. Kf1 Qb6 34. Qh4+ Kg8 35. a4 d5 36. Re1 Rb1 37. Rxb1 Qxb1+ 38. Qe1 Qxe1+ 39.
Kxe1 f6 40. Kd2 Kf7 41. Kd3 c5 42. f4 Ke7 43. g4 g5 44. Ke2 Kd7 45. Kf3 Ke6 46.
Ke3 Kd6 47. Kd3 gxf4 48. h4 c4+ 49. Kd2 d4 50. h5 f3 51. h6 dxc3+ 52. Kxc3 f2
53. h7 f1=Q 54. h8=Q Qd3+ 55. Kb2 Qb3+ 56. Kc1 Ke5 57. Qh2+ Kd5 58. Qf2 Qc3+
59. Kb1 Qd3+ 60. Kc1 c3 61. a5 Kc4 62. Qa2+ Kb4 63. Qc2 Qf1+ 64. Qd1 Qxd1+ 65.
Kxd1 Kxa5 66. Kc2 Kb4 67. Kd3 a5 68. Ke3 a4 69. Kd4 a3 70. Kd5 c2 71. Ke6 a2
72. Kf5 c1=Q 73. Ke6 Qc6+ 74. Kf5 Qc2+ 75. Kf4 a1=Q 76. g5 Qf2+ 77. Kg4 Qd1+
78. Kh3 Qdf3# {Hossa checkmated} 0-1

[Event "ICS Rated blitz match"]
[Site "204.178.125.65"]
[Date "2000.07.11"]
[Round "?"]
[White "Hossa"]
[Black "sonofdk"]
[Result "1-0"]
[WhiteElo "2551"]
[BlackElo "2200"]
[PlyCount "103"]
[EventDate "2000.??.??"]

1. e4 Nc6 2. Nf3 e5 3. Bc4 Bc5 4. d3 Nf6 5. O-O d6 6. c3 O-O 7. b4 Bb6 8. Bb3
Be6 9. Bxe6 fxe6 10. Ng5 Qd7 11. Na3 h6 12. Nf3 a6 13. Nc4 Ba7 14. a4 b5 15.
Na3 Rab8 16. Ra2 Qf7 17. axb5 axb5 18. Qe2 g5 19. d4 exd4 20. Nxb5 Bb6 21.
Nfxd4 Nxd4 22. cxd4 e5 23. dxe5 dxe5 24. Rc2 Rb7 25. Bb2 Bd4 26. Nxd4 exd4 27.
Bxd4 Rxb4 28. Bxf6 Qxf6 29. Rxc7 Rb2 30. Qc4+ Kh8 31. Rc6 Qg7 32. h4 gxh4 33.
Qc1 Kg8 34. Rxh6 Rb7 35. Rxh4 Rbf7 36. Qh6 Qxh6 37. Rxh6 Rf4 38. f3 Kg7 39. Rd6
Rb8 40. g4 Rb2 41. Rf2 Rb1+ 42. Kg2 Rf8 43. e5 Rc8 44. f4 Rcc1 45. Kg3 Rg1+ 46.
Kh4 Rh1+ 47. Kg5 Rb7 48. f5 Rg1 49. Rfd2 Rb4 50. Rd7+ Kf8 51. Rd8+ Ke7 52.
R2d7# {sonofdk checkmated} 1-0

[Event "ICS Rated blitz match"]
[Site "204.178.125.65"]
[Date "2000.07.11"]
[Round "?"]
[White "sonofdk"]
[Black "Hossa"]
[Result "1-0"]
[WhiteElo "2178"]
[BlackElo "2551"]
[PlyCount "61"]
[EventDate "2000.??.??"]

1. e4 d5 2. exd5 Qxd5 3. Nc3 Qd6 4. d4 Nf6 5. Nf3 a6 6. Bc4 e6 7. O-O Be7 8.
Bg5 Nbd7 9. Qe2 O-O 10. Rad1 Nb6 11. Bd3 Ng4 12. Bxe7 Qxe7 13. h3 Nf6 14. Ne5
Qb4 15. Ne4 Nxe4 16. Qxe4 f5 17. Qh4 Qxb2 18. g4 Qxa2 19. Kh2 Qb2 20. gxf5 h6
21. Rg1 Qc1 22. Rxc1 exf5 23. Qxh6 Rf7 24. Nxf7 Kf8 25. Qxg7+ Ke8 26. Rce1+ Be6
27. Rxe6+ Kd7 28. Ng5+ Kd8 29. Qf8+ Kd7 30. Qe7+ Kc8 31. Qe8# {Hossa checkmated
} 1-0

[Event "ICS rated blitz match"]
[Site "204.178.125.65"]
[Date "2000.07.11"]
[Round "?"]
[White "Hossa"]
[Black "EXchess"]
[Result "1-0"]
[WhiteElo "2548"]
[BlackElo "2580"]
[PlyCount "167"]
[EventDate "2000.??.??"]

1. e4 c5 2. c3 Nf6 3. e5 Nd5 4. d4 cxd4 5. cxd4 d6 6. Nf3 Nc6 7. Be2 dxe5 8.
dxe5 Be6 9. O-O Qc7 10. Na3 Nxe5 11. Nxe5 Qxe5 12. Bb5+ Kd8 13. Nc4 Qc7 14. Be3
b6 15. Rc1 Rb8 16. Na5 bxa5 17. Rxc7 Kxc7 18. Qc2+ Kd8 19. Qc6 Rxb5 20. Qxb5 g6
21. Rd1 Bg7 22. Rxd5+ Bxd5 23. Qxd5+ Kc7 24. Qxa5+ Kc8 25. Qc5+ Kd7 26. Qd5+
Kc8 27. Bxa7 Kc7 28. Qxf7 Bf6 29. Bd4 Bxd4 30. Qc4+ Kb7 31. Qxd4 Rc8 32. Qe4+
Ka6 33. Qe6+ Kb7 34. Qxe7+ Rc7 35. Qe4+ Ka6 36. g4 Rc1+ 37. Kg2 Rc7 38. a4 Kb6
39. b4 Rb7 40. a5+ Ka7 41. Qd4+ Ka8 42. Qh8+ Ka7 43. b5 Rxb5 44. Qxh7+ Ka6 45.
Qxg6+ Kxa5 46. Qh5 Kb6 47. Qxb5+ Kxb5 48. g5 Kb6 49. g6 Kc5 50. g7 Kd6 51. Kf3
Ke6 52. Kf4 Kd6 53. g8=B Ke7 54. Kf5 Kf8 55. Kf6 Ke8 56. Kg7 Kd7 57. Kf8 Kd6
58. Bh7 Kc6 59. f3 Kd5 60. f4 Kd4 61. Bg6 Ke3 62. f5 Kf3 63. f6 Ke3 64. f7 Kd4
65. h3 Kd5 66. Bh5 Ke6 67. Bg4+ Ke5 68. Bf3 Kf4 69. Bg2 Kg3 70. Bh1 Kf4 71. Bd5
Ke3 72. h4 Kd2 73. Be4 Ke1 74. Bf3 Kf2 75. Bd5 Ke3 76. h5 Kd3 77. Ke7 Kd4 78.
h6 Kd3 79. h7 Ke3 80. h8=B Kd3 81. f8=Q Kc2 82. Qf3 Kd2 83. Bb3 Ke1 84. Bc3# {
EXchess checkmated} 1-0

[Event "ICS rated blitz match"]
[Site "204.178.125.65"]
[Date "2000.07.11"]
[Round "?"]
[White "salzi"]
[Black "Hossa"]
[Result "0-1"]
[WhiteElo "1998"]
[BlackElo "2565"]
[PlyCount "68"]
[EventDate "2000.??.??"]

1. d4 Nf6 2. c4 e6 3. Nc3 Bb4 4. e3 d5 5. Bd2 O-O 6. cxd5 exd5 7. Bd3 b6 8. Nf3
Ba6 9. Bxa6 Nxa6 10. Qa4 Qc8 11. Ne5 c5 12. Nc6 Qb7 13. Nxb4 Nxb4 14. O-O Nc6
15. dxc5 bxc5 16. b3 d4 17. Qb5 Qb6 18. Qxb6 axb6 19. Na4 Ra6 20. exd4 cxd4 21.
Rfc1 Ne5 22. Nb2 Ne4 23. Bb4 Re8 24. f3 Nf6 25. Rd1 Nc6 26. Be1 Nd5 27. Nd3
Raa8 28. Rdc1 Re6 29. a4 Ne3 30. Bf2 g5 31. Bxe3 dxe3 32. Re1 Rd8 33. Nc1 Nb4
34. Re2 Rd1+ {salzi resigns} 0-1

[Event "ICS rated blitz match"]
[Site "204.178.125.65"]
[Date "2000.07.11"]
[Round "?"]
[White "EXchess"]
[Black "Hossa"]
[Result "1-0"]
[WhiteElo "2563"]
[BlackElo "2566"]
[PlyCount "125"]
[EventDate "2000.??.??"]

1. d4 Nf6 2. c4 e6 3. Nf3 b6 4. g3 Ba6 5. b3 Bb4+ 6. Bd2 Be7 7. Nc3 Bb7 8. Bg2
O-O 9. O-O Ne4 10. Be1 Bf6 11. Qc2 Nxc3 12. Bxc3 Bxf3 13. Bxf3 Nc6 14. Rad1 Be7
15. d5 exd5 16. cxd5 Nb4 17. Qd2 Na6 18. d6 cxd6 19. Bxa8 Qxa8 20. Qb2 f6 21.
e4 Nc7 22. Qe2 f5 23. exf5 Rf7 24. f6 Bxf6 25. Bxf6 Rxf6 26. Qc4+ Ne6 27. Rxd6
Rf7 28. Rxd7 Ng5 29. f3 g6 30. Rxf7 Nxf7 31. Kg2 Qd8 32. a4 Kg7 33. Qc3+ Kf8
34. h4 Qd7 35. Rc1 Qe7 36. b4 Qe2+ 37. Kh3 Qe6+ 38. g4 Qd6 39. Qc6 Qe7 40. Qc8+
Kg7 41. Qc3+ Kg8 42. f4 Nd8 43. f5 Qd7 44. f6 Kf7 45. Re1 Ne6 46. Qe5 Qd3+ 47.
Kh2 Qb3 48. g5 Qc4 49. Kg3 Qc6 50. b5 Qc8 51. Qd6 Qc3+ 52. Kh2 Qc2+ 53. Kh1 Qf5
54. Qe7+ Kg8 55. Qxe6+ Qxe6 56. Rxe6 Kf7 57. Re7+ Kf8 58. Rxa7 Ke8 59. Re7+ Kf8
60. a5 bxa5 61. b6 h6 62. b7 Kg8 63. b8=Q# {Hossa checkmated} 1-0

[Event "ICS rated blitz match"]
[Site "204.178.125.65"]
[Date "2000.07.11"]
[Round "?"]
[White "Hossa"]
[Black "LocNar"]
[Result "1-0"]
[WhiteElo "2550"]
[BlackElo "2538"]
[PlyCount "109"]
[EventDate "2000.??.??"]

1. e4 c5 2. c3 Nf6 3. e5 Nd5 4. d4 cxd4 5. cxd4 e6 6. Nf3 b6 7. Nc3 Nxc3 8.
bxc3 Qc7 9. Bd2 Bb7 10. Bd3 d6 11. O-O Nd7 12. Re1 dxe5 13. Nxe5 Nxe5 14. Rxe5
Bd6 15. Rh5 g6 16. Bb5+ Bc6 17. Bxc6+ Qxc6 18. Rh3 O-O-O 19. Bg5 Rd7 20. Bf6
Re8 21. Rxh7 e5 22. Qe1 e4 23. Bg5 Kb7 24. Rd1 Qd5 25. Qd2 Bb8 26. a4 f5 27. c4
Qc6 28. Rxd7+ Qxd7 29. a5 Qc7 30. g3 Qxc4 31. axb6 axb6 32. Qb2 Re6 33. Rc1 Qd5
34. Qb4 Rc6 35. Ra1 Qc4 36. Qa3 Rc8 37. Qa8+ Kc7 38. Rc1 Qxc1+ 39. Bxc1 Kd7 40.
Qd5+ Bd6 41. Qf7+ Be7 42. Bg5 Re8 43. Qd5+ Bd6 44. Qb5+ Ke6 45. Qxe8+ Kd5 46.
Qb5+ Ke6 47. d5+ Ke5 48. Bf4+ Kd4 49. Bxd6 Kc3 50. Be5+ Kd2 51. Qxb6 Ke1 52.
Bc3+ Kd1 53. Qb3+ Ke2 54. Qc2+ Kf3 55. Qd1# {LocNar checkmated} 1-0

[Event "ICS Rated standard match"]
[Site "204.178.125.65"]
[Date "2000.07.11"]
[Round "?"]
[White "Hossa"]
[Black "PostModernist"]
[Result "1-0"]
[WhiteElo "2363"]
[BlackElo "2423"]
[PlyCount "175"]
[EventDate "2000.??.??"]

1. e4 g6 2. d4 Bg7 3. Nc3 d6 4. f4 Nc6 5. Nf3 Bg4 6. Be3 Bxf3 7. gxf3 d5 8. Qd2
e6 9. O-O-O Nf6 10. e5 Ng8 11. Na4 Bf8 12. Qc3 Qd7 13. Nc5 Bxc5 14. Qxc5 Nh6
15. f5 Nxf5 16. Bg5 a6 17. Kb1 Rg8 18. Qc3 h6 19. Bf6 h5 20. Bh3 Nfe7 21. f4
O-O-O 22. Rhf1 Kb8 23. Rf2 Rde8 24. Rfd2 Nd8 25. Bf1 Qa4 26. a3 Ndc6 27. Qc5
Nf5 28. b3 Qa5 29. Qxa5 Nxa5 30. Rd3 Nc6 31. c4 Nce7 32. Rf3 dxc4 33. bxc4 c6
34. Kb2 Rd8 35. Rfd3 b5 36. Kc3 Rd7 37. Rb1 Ka7 38. Bg2 Rc8 39. Be4 bxc4 40.
Kxc4 Nd5 41. Bxf5 exf5 42. Rdb3 Nxf4 43. Bg5 Nd5 44. Bd2 Rcc7 45. a4 Rb7 46.
Kc5 Rxb3 47. Rxb3 Rb7 48. Rd3 Rb2 49. Kxc6 Nb6 50. d5 Rc2+ 51. Bc3 Nxa4 52. e6
Nxc3 53. exf7 Ne4+ 54. Kd7 Nf6+ 55. Kd8 Nh7 56. d6 Rxh2 57. d7 Rc2 58. Ke7 Rc7
59. f8=Q Nxf8 60. Kxf8 Rb7 61. d8=Q Rb8 62. Rd7+ Ka8 63. Kg7 Rxd8 64. Rxd8+ Kb7
65. Kxg6 f4 66. Kxh5 f3 67. Kg4 f2 68. Rd1 a5 69. Kf3 Kc6 70. Kxf2 Kc5 71. Ke3
a4 72. Kd3 Kb4 73. Rb1+ Kc5 74. Rc1+ Kd5 75. Ra1 a3 76. Rxa3 Ke5 77. Ra5+ Ke6
78. Kd4 Kf6 79. Re5 Kf7 80. Ke4 Kf6 81. Kf4 Kg6 82. Rf5 Kh6 83. Rg5 Kh7 84. Rg4
Kh6 85. Kf5 Kh7 86. Kf6 Kh8 87. Kf7 Kh7 88. Rh4# 1-0

[Event "ICS rated blitz match"]
[Site "204.178.125.65"]
[Date "2000.07.11"]
[Round "?"]
[White "Hossa"]
[Black "Tinker"]
[Result "0-1"]
[WhiteElo "2566"]
[BlackElo "2449"]
[PlyCount "86"]
[EventDate "2000.??.??"]

1. e4 e5 2. Nf3 Nf6 3. Qe2 Nc6 4. d3 Be7 5. g3 O-O 6. Bg2 d5 7. exd5 Qxd5 8.
Nc3 Bb4 9. O-O Qe6 10. Nb5 Ba5 11. Bd2 Bb6 12. a4 a6 13. a5 Bxf2+ 14. Qxf2 axb5
15. Qc5 b4 16. Ng5 Qd6 17. Qxd6 cxd6 18. Bxc6 bxc6 19. Bxb4 c5 20. Bd2 Bb7 21.
h3 h6 22. Nf3 Rfb8 23. b3 e4 24. Ne1 exd3 25. Nxd3 Ne4 26. Bf4 g5 27. Bxd6 Nxd6
28. Nxc5 Bc8 29. Rfd1 Nf5 30. Kf2 Rb5 31. Rd8+ Kg7 32. Ne4 Re5 33. Nd2 Ne7 34.
Re8 Ra6 35. Nc4 Rf6+ 36. Kg1 Re2 37. Nb6 Bxh3 38. Rxe7 Rg2+ 39. Kh1 Rff2 40.
Rxf7+ Kxf7 41. c4 Rh2+ 42. Kg1 Rfg2+ 43. Kf1 Rh1# {Hossa checkmated} 0-1

[Event "ICS rated blitz match"]
[Site "204.178.125.65"]
[Date "2000.07.11"]
[Round "?"]
[White "Tinker"]
[Black "Hossa"]
[Result "1-0"]
[WhiteElo "2470"]
[BlackElo "2545"]
[PlyCount "83"]
[EventDate "2000.??.??"]

1. e4 e5 2. Nf3 Nf6 3. Nc3 Bb4 4. a3 Bxc3 5. dxc3 O-O 6. Bg5 Nc6 7. Qd3 d6 8.
Bh4 h6 9. Be2 Bg4 10. h3 Be6 11. O-O-O a6 12. Qe3 b5 13. g4 Rb8 14. Rhg1 Kh8
15. g5 hxg5 16. Rxg5 a5 17. Rdg1 Bg4 18. hxg4 Ne7 19. Rxe5 dxe5 20. Bxf6 Nf5
21. Bxg7+ Nxg7 22. Qh6+ Kg8 23. Ng5 Re8 24. Qh7+ Kf8 25. Qh8+ Ke7 26. Qxg7 Qd6
27. Qxf7+ Kd8 28. Rd1 Qxd1+ 29. Kxd1 Rb6 30. Qd5+ Kc8 31. Nf7 c6 32. Qc5 Kc7
33. Qd6+ Kc8 34. Bxb5 Rg8 35. Bxc6 Rxb2 36. Bd5 Rb1+ 37. Kd2 Re8 38. Qc6+ Kb8
39. Qxe8+ Ka7 40. Qa8+ Kb6 41. Qb7+ Kc5 42. Qc6# {Hossa checkmated} 1-0

[Event "ICS Rated blitz match"]
[Site "204.178.125.65"]
[Date "2000.07.11"]
[Round "?"]
[White "Atenas9"]
[Black "Hossa"]
[Result "0-1"]
[WhiteElo "1887"]
[BlackElo "2527"]
[PlyCount "88"]
[EventDate "2000.??.??"]

1. e4 c6 2. c4 e5 3. Nf3 d6 4. d4 Nd7 5. Be3 Ngf6 6. Nc3 Be7 7. Be2 O-O 8. O-O
exd4 9. Bxd4 Ng4 10. h3 Nge5 11. Nxe5 dxe5 12. Be3 b6 13. f4 exf4 14. Bxf4 Re8
15. Rf3 Bc5+ 16. Kh1 Qe7 17. Rg3 Ne5 18. Bg5 f6 19. Bh6 Ng6 20. h4 gxh6 21. h5
Qe5 22. Qe1 Bd6 23. hxg6 Qxg3 24. gxh7+ Kxh7 25. Qxg3 Bxg3 26. e5 f5 27. Rf1
Kg6 28. Bf3 Re6 29. b4 Bxe5 30. Ne2 Rb8 31. b5 cxb5 32. cxb5 Rd6 33. Rc1 Be6
34. a4 Bb3 35. Nc3 Rc8 36. Rf1 Bxc3 37. a5 bxa5 38. b6 axb6 39. Bh5+ Kxh5 40.
Rxf5+ Kg4 41. g3 Kxg3 42. Rf1 Bd5+ 43. Kg1 Bd4+ 44. Rf2 Rc1# {
Atenas9 checkmated} 0-1

[Event "ICS rated blitz match"]
[Site "204.178.125.65"]
[Date "2000.07.11"]
[Round "?"]
[White "Hossa"]
[Black "WhiteCastles"]
[Result "0-1"]
[WhiteElo "2528"]
[BlackElo "2890"]
[PlyCount "138"]
[EventDate "2000.??.??"]

1. e4 d5 2. exd5 Qxd5 3. Nc3 Qa5 4. Nf3 Nf6 5. d4 c6 6. Bd2 Bf5 7. Ne4 Qb6 8.
Nxf6+ gxf6 9. b3 e6 10. Be2 Ba3 11. O-O Bb2 12. Qe1 Qc7 13. Rb1 Ba3 14. Bd1 Bg6
15. b4 a5 16. bxa5 Bd6 17. Bb4 Ra7 18. Bxd6 Qxd6 19. Qe3 Nd7 20. a6 b6 21. Ra1
Rxa6 22. c3 b5 23. Nd2 Nb6 24. Bf3 Nd5 25. Bxd5 Qxd5 26. f3 O-O 27. Ne4 Kg7 28.
Qf4 f5 29. Nc5 Ra3 30. Rfc1 Rfa8 31. Nd3 R8a4 32. Nb4 Qc4 33. Qe5+ Kg8 34. Qc5
Qxc5 35. dxc5 f4 36. Kf1 Ra7 37. Ke2 f6 38. Nxc6 Rc7 39. Nd4 Rxc5 40. Kd2 e5
41. Nb3 Rc4 42. Ke1 h5 43. Kf1 h4 44. Ke1 Kf7 45. Kf1 Bf5 46. Ke1 h3 47. gxh3
Bxh3 48. Kd1 Rc8 49. Kc2 Bg2 50. Kb2 Raa8 51. Nd2 Rh8 52. Rc2 Rh3 53. Ne4 Bxf3
54. Nd6+ Ke6 55. Nxb5 Rb8 56. c4 e4 57. a4 e3 58. Kc3 e2 59. Nd4+ Kf7 60. Nxf3
Rxf3+ 61. Kd2 Rh3 62. Rh1 Re3 63. Rcc1 Rb2+ 64. Ke1 f3 65. Rf1 exf1=R+ 66. Kxf1
Ree2 67. a5 Rxh2 68. Kg1 Rbg2+ 69. Kf1 Rh1# {Hossa checkmated} 0-1

[Event "ICS rated blitz match"]
[Site "204.178.125.65"]
[Date "2000.07.11"]
[Round "?"]
[White "WhiteCastles"]
[Black "Hossa"]
[Result "1-0"]
[WhiteElo "2894"]
[BlackElo "2524"]
[PlyCount "105"]
[EventDate "2000.??.??"]

1. e4 d5 2. exd5 Qxd5 3. Nc3 Qa5 4. d4 c6 5. Nf3 Nf6 6. Ne5 Be6 7. Bd3 Nbd7 8.
Nxd7 Bxd7 9. O-O O-O-O 10. a3 e5 11. dxe5 Qxe5 12. Re1 Qb8 13. Bg5 Bd6 14. Bxf6
Bxh2+ 15. Kh1 gxf6 16. g3 Bxg3 17. fxg3 Qxg3 18. Qh5 Be6 19. Rg1 Qe5 20. Qxe5
fxe5 21. Raf1 Rdf8 22. Bf5 h5 23. Ne4 Rh6 24. Rg7 Bxf5 25. Rxf5 h4 26. Kh2 c5
27. Rxe5 b6 28. Re7 f5 29. Rxa7 Kb8 30. Nc3 Rd8 31. Rab7+ Ka8 32. Na4 Rd2+ 33.
Kh3 Rdd6 34. Rbf7 Rh8 35. Ra7+ Kb8 36. Rgb7+ Kc8 37. Rf7 Kb8 38. Rab7+ Ka8 39.
Nxb6+ Rxb6 40. Rxb6 Re8 41. Kxh4 Re5 42. Rg6 Re8 43. Kg5 Rc8 44. Kxf5 Kb8 45.
Ke5 Ka8 46. Ra6+ Kb8 47. Rb6+ Ka8 48. Kd6 c4 49. Rb5 c3 50. Rf4 Rd8+ 51. Kc7
Rc8+ 52. Kxc8 Ka7 53. Ra4# {Hossa checkmated} 1-0

[Event "ICS Rated blitz match"]
[Site "204.178.125.65"]
[Date "2000.07.11"]
[Round "?"]
[White "Hossa"]
[Black "WhiteCastles"]
[Result "0-1"]
[WhiteElo "2521"]
[BlackElo "2897"]
[PlyCount "110"]
[EventDate "2000.??.??"]

1. e4 e6 2. d4 d5 3. e5 c5 4. Nf3 cxd4 5. Nxd4 Nc6 6. Nxc6 bxc6 7. Bd3 Ne7 8.
O-O Ng6 9. Qh5 Qc7 10. Re1 Bc5 11. c3 O-O 12. Nd2 Qb6 13. Rf1 Ba6 14. Bxa6 Qxa6
15. Nb3 Bb6 16. Re1 Rfb8 17. Qe2 Qxe2 18. Rxe2 a5 19. g3 a4 20. Nd2 c5 21. h4
Ba5 22. h5 Ne7 23. Nf3 a3 24. c4 axb2 25. Bxb2 d4 26. Rd1 Bc7 27. Bc1 Nc6 28.
a3 Ra4 29. Rc2 Nxe5 30. Nxe5 Bxe5 31. Kg2 Rb3 32. Re1 d3 33. Ra2 Rxc4 34. Be3
Bd4 35. a4 Bxe3 36. fxe3 Rcb4 37. Kf3 c4 38. Rd1 e5 39. Ke4 Rb1 40. Rxb1 Rxb1
41. a5 f5+ 42. Kxf5 c3 43. a6 Rb8 44. a7 Ra8 45. Kxe5 d2 46. Ke4 d1=Q 47. Ra5
Qb1+ 48. Ke5 Re8+ 49. Kd4 Qb4+ 50. Kd3 Rd8+ 51. Rd5 Rxd5+ 52. Ke2 Qg4+ 53. Kf1
Qd1+ 54. Kg2 Qe2+ 55. Kh3 Rxh5# {Hossa checkmated} 0-1